02156nam a2200313Ia 450000500170000000800410001704000530005804100080011104100080011924500530012724600120018024600140019226000720020630000460027850004740032450803650079851101780116352000610134154600840140260000210148665000250150765000400153270000350157271000210160771000320162871000130166076500120167385601570168520140730144442.0130821s1992 xxu g q mlmul d aCO-BoUCMbspacOscar Anaya (modificó)d[Nuevo] aeng afre04aThe lovercJean-Jacques Annaud, directorh [DVD]13aL'amant13aEl amante aSanta Mónica (California, Estados Unidos)bRenn Productionsc1992 a1 DVD, 115 minutosbimagen, sonido, color aSINOPSIS: Época de colonia 1929. Una joven francesa de una familia que está teniendo algunas dificultades monetarias está regresando a un internado. Está sola en el transporte público cuando llama la atención de un hombre chino de negocios. Él le ofrece un viaje a la ciudad en la parte de atrás de su sedán con chofer. ¿Puede el tórrido romance que se produce entre ellos superar las restricciones de clase y las costumbres sociales de la época? aCRÉDITOS: Dirigida por Jean-Jacques Annaud ; adaptación de Gérard Brach y Jean-Jacques Annaud ; producida por Claude Berri ; música de Gabriel Yared ; fotografía de Robert Fraisse ; diseño de producción por Hoang Thanh At ; dirección de arte por Olivier Radot ; vestuario por Yvonne Sassinot de Nesle ; efectos especiales por Georges Demétrau0 aREPARTO: Jane March, Tony Leung Ka Fai, Frédérique Meininger, Arnaud Giovaninetti, Melvil Poupaud, Lisa Faulkner, Xiem Mang, Philippe Le Dem, Ann Schaufuss, Quach Van An aBasado en la novela autobiográfica de Marquerite Duras aAudio en inglés y francés. Subtítulos en inglés, español y francés 7aMarquerite Duras04aAmor en el cinevDVD04aPelículas cinematográficasvDVD1 aAnnaud, Jean Jacquesedirector2 aRenn Productions2 aTimothy Burrill Productions2 aFilms A20 tL'amant40uhttp://www.youtube.com/watch?v=ObXJvC49_4kzSiga este enlace para ver el trailerzTrailer tomado del canal MOVIECLIPS Classic Trailers vía YouTube.com